[Event "Reykjavik Open 2026"]
[Site "Reykjavik ISL"]
[Date "2026.03.26"]
[Round "3.149"]
[White "Nishida, Eito"]
[Black "Digernes, Mikael"]
[Result "1-0"]
[WhiteElo "1587"]
[BlackElo "1805"]
[WhiteFideId "7006357"]
[BlackFideId "1544225"]
[EventDate "2026.03.25"]

1. d4 Nf6 2. c4 e6 3. Nc3 b6 4. e4 d5 5. e5 Ne4 6. Nge2 Nxc3 7. Nxc3 dxc4 8.
Bxc4 Bb7 9. O-O Be7 10. Qg4 g6 11. Bh6 Bf8 12. Bxf8 Kxf8 13. Rad1 Nd7 14. Rfe1
Qe7 15. d5 exd5 16. Bxd5 h5 17. Qh3 Bxd5 18. Nxd5 Qe6 19. Qxe6 fxe6 20. Nxc7 Ke7
21. Nxa8 Rxa8 22. f4 Rf8 23. g3 g5 24. fxg5 Rf5 25. h4 Nxe5 26. Rf1 Nc4 27. Rxf5
exf5 28. b3 Nd6 29. Rxd6 Kxd6 30. Kf2 Ke5 31. Ke3 a6 32. Kf3 1-0

[Event "Reykjavik Open 2026"]
[Site "Reykjavik ISL"]
[Date "2026.03.26"]
[Round "3.150"]
[White "Xu, Ruixi"]
[Black "Geirsson, Kristjan"]
[Result "1-0"]
[WhiteElo "1550"]
[BlackElo "1805"]
[WhiteFideId "8640610"]
[BlackFideId "2313596"]
[EventDate "2026.03.25"]

1. d4 Nf6 2. c4 e6 3. Nf3 d5 4. g3 c6 5. Bg2 Be7 6. Qc2 O-O 7. O-O Ne4 8. Rd1
Nd7 9. Nbd2 f5 10. Ne5 Nxe5 11. dxe5 Bc5 12. Nxe4 fxe4 13. e3 Qe7 14. b3 Qg5 15.
cxd5 exd5 16. Qxc5 Bg4 17. Rf1 Qxe5 18. Qd4 Qh5 19. Bb2 Rf7 20. Qe5 Qh6 21. Bd4
Raf8 22. Bc5 Rc8 23. Ba3 Rf5 24. Qe7 Rf7 25. Qh4 Qxh4 26. gxh4 b6 27. Rac1 c5
28. Bb2 Be2 29. Rfe1 Bd3 30. Bf1 Rcf8 31. Bxd3 exd3 32. Rf1 Rc8 33. Rcd1 c4 34.
bxc4 dxc4 35. Bc3 Rc5 36. Kg2 Rcf5 37. f4 Re7 38. Kf3 b5 39. a3 Rd5 40. e4 Rdd7
41. f5 Re8 1-0

[Event "Reykjavik Open 2026"]
[Site "Reykjavik ISL"]
[Date "2026.03.26"]
[Round "3.151"]
[White "Ardu, Luigi"]
[Black "Olszewski, Milosz Ulfur"]
[Result "1-0"]
[WhiteElo "1804"]
[BlackElo "1646"]
[WhiteFideId "811904"]
[BlackFideId "2330199"]
[EventDate "2026.03.25"]

1. e4 c5 2. Nf3 Nc6 3. c3 Nf6 4. e5 Nd5 5. d4 cxd4 6. cxd4 d6 7. Nc3 dxe5 8.
dxe5 Nxc3 9. Qxd8+ Nxd8 10. bxc3 Nc6 11. Be2 Bf5 12. O-O e6 13. Nd4 Bg6 14. Nxc6
bxc6 15. Bf3 Rc8 16. Be3 a5 17. a4 c5 18. Bb7 Rc7 19. Ba6 Be7 20. Bb5+ Kf8 21.
Rfd1 Be4 22. Rd2 g5 23. Rad1 Bc6 24. c4 Bxb5 25. axb5 Kg7 26. Rd7 Rxd7 27. Rxd7
Rd8 28. Rxd8 Bxd8 29. Bxc5 f6 30. b6 fxe5 31. b7 Bc7 32. Ba7 1-0

[Event "Reykjavik Open 2026"]
[Site "Reykjavik ISL"]
[Date "2026.03.26"]
[Round "3.153"]
[White "Sakinis, Rimandas"]
[Black "Steiner, Peter Markus"]
[Result "1/2-1/2"]
[WhiteElo "1804"]
[BlackElo "1634"]
[WhiteFideId "12864749"]
[BlackFideId "12938491"]
[EventDate "2026.03.25"]

1. g3 d5 2. Bg2 Nf6 3. Nf3 Bf5 4. O-O Nbd7 5. d3 e6 6. Re1 Be7 7. Bf4 h6 8. h4
O-O 9. Nbd2 c6 10. Nh2 e5 11. e4 exf4 12. exf5 fxg3 13. fxg3 Bd6 14. Ndf1 Qc7
15. g4 Bxh2+ 16. Nxh2 Qg3 17. d4 Rfe8 18. g5 hxg5 19. hxg5 Qxg5 20. Qd3 Ne4 21.
Re3 Ndf6 22. Rf1 Nd6 23. Rg3 Qh6 24. Rh3 Qg5 25. Rg3 Qh6 1/2-1/2

[Event "Reykjavik Open 2026"]
[Site "Reykjavik ISL"]
[Date "2026.03.26"]
[Round "3.154"]
[White "Kristinsson, Magnus"]
[Black "Sankrithi, Sarang Athreya"]
[Result "1-0"]
[WhiteElo "1801"]
[BlackElo "1491"]
[WhiteFideId "2305682"]
[BlackFideId "39939090"]
[EventDate "2026.03.25"]

1. e4 c6 2. d4 d5 3. Nc3 dxe4 4. Nxe4 Nf6 5. Ng3 h5 6. h4 Bg4 7. Be2 Bxe2 8.
N1xe2 e6 9. Bg5 Nbd7 10. Qd2 Be7 11. O-O-O Ng4 12. Bxe7 Qxe7 13. Nc3 O-O-O 14.
f3 Ngf6 15. Rhe1 Nb6 16. Qe2 Qb4 17. a3 Qd6 18. Qe5 Qxe5 19. dxe5 Nfd5 20. Nce4
Nf4 21. Nd6+ Kc7 22. Nge4 f6 23. g3 Ng6 24. Nc5 Nf8 25. f4 fxe5 26. fxe5 Rh6 27.
Ncxb7 Rxd6 28. Nxd6 Rg6 29. Rd3 Nfd7 30. b3 Nd5 31. Nc4 Nc5 32. Rf3 a6 33. Rf7+
Kd8 34. Rf3 Kc7 35. Na5 Ne7 36. b4 Nd7 37. Rf7 Kd8 38. Rd1 Ke8 39. Rxe7+ Kxe7
40. Nxc6+ Ke8 41. Rd3 Rg4 42. Rd6 Rg6 43. c4 Rxg3 44. Rxe6+ Kf8 45. Re7 Rc3+ 46.
Kb2 Rxc4 47. Rxd7 Rxc6 48. Kb3 Re6 49. Rd5 Kf7 50. Kc4 g6 51. a4 g5 52. hxg5 Rg6
53. b5 axb5+ 54. axb5 h4 55. Rd7+ Ke8 56. Rh7 Kd8 57. Kd5 Rxg5 58. Kd6 Kc8 59.
Rxh4 Kb7 60. e6 Rg6 61. Kd7 Rg1 62. Rd4 Kb6 63. e7 Rg7 64. Kd8 1-0

[Event "Reykjavik Open 2026"]
[Site "Reykjavik ISL"]
[Date "2026.03.26"]
[Round "3.162"]
[White "Sorensen, Per Settergren"]
[Black "Zhou, Abigail"]
[Result "1-0"]
[BlackTitle "WCM"]
[WhiteElo "2110"]
[BlackElo "1771"]
[WhiteFideId "1413872"]
[BlackFideId "39922081"]
[EventDate "2026.03.25"]

1. d4 d5 2. Nf3 Nf6 3. g3 e6 4. Bg2 c5 5. c4 dxc4 6. Qa4+ Bd7 7. Qxc4 Nc6 8. O-O
b5 9. Qd3 c4 10. Qd1 Rc8 11. Re1 Bb4 12. Nc3 O-O 13. e4 h6 14. Re2 Na5 15. Ne5
a6 16. Be3 Bd6 17. Nxd7 Nxd7 18. e5 Bb4 19. Qc2 Nb6 20. Rf1 Bxc3 21. bxc3 Nd5
22. a3 Nc6 23. Bd2 Nce7 24. f4 Qd7 25. Be4 Nf5 26. g4 Nfe7 27. f5 exf5 28. gxf5
f6 29. e6 Qd6 30. Qc1 Kh7 31. Rg2 Rg8 32. Rf3 a5 33. Bxh6 g5 34. fxg6+ Nxg6 35.
Rh3 Qxe6 36. Rh5 Rh8 37. Bxg6+ Kg8 38. Bf5+ Kf7 39. Rg7+ Ke8 40. Bxe6 Rd8 41.
Bxd5 Rxd5 42. Qe3+ Kd8 43. Qe7+ Kc8 44. Qc7# 1-0

[Event "Reykjavik Open 2026"]
[Site "Reykjavik ISL"]
[Date "2026.03.26"]
[Round "3.163"]
[White "Jamil, Emil Jacobsen"]
[Black "Burg, Brent"]
[Result "0-1"]
[WhiteElo "1769"]
[BlackElo "2169"]
[WhiteFideId "7204183"]
[BlackFideId "1019465"]
[EventDate "2026.03.25"]

1. c4 e5 2. g3 h5 3. Bg2 h4 4. Nc3 Bc5 5. Nf3 h3 6. Bf1 d6 7. d4 exd4 8. Nxd4
Nc6 9. Nf3 Bg4 10. a3 a5 11. Bg5 f6 12. Bf4 g5 13. Bd2 Qd7 14. Qc2 O-O-O 15.
O-O-O Bxf2 16. Nd5 Qe6 17. Qa4 Bb6 18. Bc3 Qe4 19. Qb5 Bf5 20. Qb3 g4 21. Nh4
Rxh4 22. gxh4 Qxh1 23. Bxh3 Qe4 24. Bf1 Be3+ 25. Nxe3 Qxe3+ 26. Rd2 Ne5 27. Bg2
Qg1+ 0-1

[Event "Reykjavik Open 2026"]
[Site "Reykjavik ISL"]
[Date "2026.03.26"]
[Round "3.164"]
[White "Schulz, Jannis"]
[Black "De Winter, Eric"]
[Result "1-0"]
[WhiteElo "2063"]
[BlackElo "1761"]
[WhiteFideId "16224710"]
[BlackFideId "1033069"]
[EventDate "2026.03.25"]

1. d4 Nf6 2. Nf3 d5 3. Bf4 Bf5 4. e3 e6 5. Nbd2 Be7 6. h3 h6 7. c4 Nbd7 8. Qb3
b6 9. Rc1 c5 10. cxd5 exd5 11. Ba6 c4 12. Qa4 O-O 13. Bb7 a6 14. Bxa8 Qxa8 15.
O-O b5 16. Qd1 Rc8 17. Ne5 Nxe5 18. Bxe5 Nd7 19. Bh2 b4 20. Nb1 a5 21. Qf3 Bg6
22. Rfe1 Nf6 23. Qd1 Qc6 24. Be5 Nd7 25. Bg3 Re8 26. h4 Nf6 27. f3 Nh5 28. Bf2
f5 29. g3 Nf6 30. Kg2 Qd7 31. Qd2 Bd6 32. Rg1 Qa4 33. a3 bxa3 34. bxa3 Rb8 35.
Nc3 Qxa3 36. Ra1 Qb2 37. Qxb2 Rxb2 38. Rxa5 Bf7 39. Rb1 Rxb1 40. Nxb1 Bb4 41.
Rb5 Bd6 42. Be1 Be8 43. Rb6 Be7 44. Bb4 Bd8 45. Rb7 Bc6 46. Rb8 1-0

[Event "Reykjavik Open 2026"]
[Site "Reykjavik ISL"]
[Date "2026.03.26"]
[Round "3.165"]
[White "Bathula, Abhinav Reddy"]
[Black "Eiriksson, Theodor"]
[Result "1-0"]
[WhiteElo "2020"]
[BlackElo "1761"]
[WhiteFideId "35005693"]
[BlackFideId "2322277"]
[EventDate "2026.03.25"]

1. e4 d5 2. exd5 Qxd5 3. Nc3 Qd6 4. d4 Nf6 5. Nf3 c6 6. Ne5 Nbd7 7. f4 Nb6 8. g4
g6 9. Bg2 Bg7 10. O-O O-O 11. a4 Rd8 12. a5 Nbd5 13. h3 a6 14. Na4 Nd7 15. c4
N5f6 16. Be3 Qc7 17. Qe1 c5 18. d5 Nxe5 19. fxe5 Qxe5 20. Bxc5 Nd7 21. Bxe7 Qd4+
22. Qf2 Re8 23. d6 Qxf2+ 24. Kxf2 Bd4+ 25. Ke2 Nf8 26. Kd3 Ba7 27. Bd5 Ne6 28.
b4 Bd7 29. Nb6 Bxb6 30. axb6 Rab8 31. Rf6 g5 32. Raf1 Nf4+ 33. R1xf4 gxf4 34.
Bxf7+ Kg7 35. Bxe8 Rxe8 36. Rxf4 Rc8 37. h4 Rc6 38. c5 Rc8 39. h5 h6 40. Kd4 Be6
41. Rf6 Bd7 42. Rg6+ Kh7 43. Ke5 a5 44. Kf6 axb4 45. Rg7+ Kh8 46. Kg6 Rg8 47.
Bf6 b3 48. Kxh6 Rxg7 49. Bxg7+ Kg8 50. g5 Bc6 51. g6 Bd7 52. Bc3 Bc6 53. Kg5 1-0

[Event "Reykjavik Open 2026"]
[Site "Reykjavik ISL"]
[Date "2026.03.26"]
[Round "3.166"]
[White "Akeborg, Jonatan"]
[Black "Tivoly, Jean-Francois"]
[Result "1-0"]
[WhiteElo "2000"]
[BlackElo "1743"]
[WhiteFideId "1773089"]
[BlackFideId "652024032"]
[EventDate "2026.03.25"]

1. e4 e6 2. d4 d5 3. Nc3 Nf6 4. e5 Nfd7 5. f4 c5 6. Nf3 Nc6 7. Be3 cxd4 8. Nxd4
Bc5 9. Qd2 Bxd4 10. Bxd4 Nxd4 11. Qxd4 Qb6 12. Qxb6 Nxb6 13. Nb5 Ke7 14. Bd3 Bd7
15. Nd6 Rab8 16. O-O g6 17. a4 a6 18. b3 Bc6 19. Rae1 Nd7 20. Rf3 f6 21. Rfe3
fxe5 22. fxe5 Rbf8 23. g3 g5 24. Bf1 g4 25. Bg2 h5 26. R3e2 Rh6 27. c4 Nxe5 28.
Rxe5 Kxd6 29. cxd5 exd5 30. Rg5 Kc5 31. Rc1+ Kd6 32. Bxd5 Bxd5 33. Rd1 Rf3 34.
Rdxd5+ Kc6 35. b4 h4 36. a5 hxg3 1-0

[Event "Reykjavik Open 2026"]
[Site "Reykjavik ISL"]
[Date "2026.03.26"]
[Round "3.167"]
[White "Bjarnason, Snorri Vikanes"]
[Black "Muhr, Andreas"]
[Result "1-0"]
[WhiteElo "1988"]
[BlackElo "1740"]
[WhiteFideId "1539833"]
[BlackFideId "1619683"]
[EventDate "2026.03.25"]

1. c4 d6 2. Nc3 Nf6 3. Nf3 Bg4 4. d4 Nbd7 5. Qb3 Nb6 6. Bf4 h6 7. Rd1 g5 8. Bg3
Nh5 9. c5 Nd7 10. Qxb7 Rb8 11. Qxa7 Qc8 12. Nd5 Rb7 13. Qa4 c6 14. Nc3 f5 15.
cxd6 Nb6 16. Qc2 Rg8 17. dxe7 Rxe7 18. Be5 Nf4 19. Bxf4 gxf4 20. Qb3 1-0

[Event "Reykjavik Open 2026"]
[Site "Reykjavik ISL"]
[Date "2026.03.26"]
[Round "3.168"]
[White "Vedant Nayudu"]
[Black "Montalti, Gianluca"]
[Result "0-1"]
[WhiteElo "1975"]
[BlackElo "1737"]
[WhiteFideId "33369780"]
[BlackFideId "39900169"]
[EventDate "2026.03.25"]

1. e4 c5 2. c3 Nf6 3. e5 Nd5 4. Nf3 e6 5. Bc4 d6 6. exd6 Bxd6 7. d4 cxd4 8. cxd4
O-O 9. O-O Qc7 10. Bd3 Nd7 11. Bd2 b6 12. Nc3 Nxc3 13. Bxc3 Bb7 14. h3 Nf6 15.
Rc1 Rac8 16. Re1 Qb8 17. Ne5 Qa8 18. f3 Nd5 19. Be4 Rfd8 20. Qe2 f6 21. Nd3 f5
22. Bxd5 Bxd5 23. a3 Bg3 24. Red1 Bb3 25. Rd2 Bc4 26. Qe3 Qb7 27. Ne5 Bd5 28. f4
Bh4 29. g4 fxg4 30. hxg4 Bf6 31. Rh2 Bxe5 32. Qxe5 Qf7 33. Rf1 Qg6 34. Qh5 Qd3
35. Qh3 Qe4 36. Re1 Qg6 37. Qh5 Qd3 38. Qh3 Qg6 39. Rf2 Rf8 40. Kh2 Qe8 41. Re5
Qa4 42. f5 Rc7 43. Kg3 Qd1 44. Re1 Rxc3+ 45. bxc3 Qxe1 46. Qf1 Qxc3+ 47. Kh2
Qxd4 48. Rf4 Qf6 49. Kg3 Qg5 50. Qd1 h5 51. Qd4 Qf6 52. Qd3 Rc8 53. Kf2 Rc3 54.
Qb5 Qh4+ 55. Ke2 Bc6 56. Qe5 Qh2+ 57. Kd1 Ba4+ 0-1

[Event "Reykjavik Open 2026"]
[Site "Reykjavik ISL"]
[Date "2026.03.26"]
[Round "3.169"]
[White "Damen, Josephine"]
[Black "Ornolfsson, Magnus P."]
[Result "1/2-1/2"]
[BlackTitle "CM"]
[WhiteElo "1928"]
[BlackElo "2160"]
[WhiteFideId "1074369"]
[BlackFideId "2301016"]
[EventDate "2026.03.25"]

1. e4 c5 2. Nf3 Nf6 3. Nc3 Nc6 4. d4 cxd4 5. Nxd4 e5 6. Ndb5 a6 7. Nd6+ Bxd6 8.
Qxd6 Qe7 9. Qd1 d6 10. Bg5 Be6 11. Nd5 Bxd5 12. exd5 Nb8 13. Be2 Nbd7 14. O-O h6
15. Be3 O-O 16. c4 Rfc8 17. f3 a5 18. Kh1 Nc5 19. Qd2 Nh5 20. f4 Nxf4 21. Bxf4
exf4 22. Rxf4 Re8 23. Re1 Qe3 24. Qxe3 Rxe3 25. Rf3 Rae8 26. Rxe3 Rxe3 27. Kg1
Nd3 28. Rd1 Nxb2 29. Rd2 Na4 30. Kf2 Rc3 31. Bd3 Nc5 32. Ke3 Kf8 33. Kd4 Rc1 34.
Bc2 Rh1 35. Rf2 Rxh2 36. Bg6 Rh4+ 37. Kc3 Ne4+ 38. Bxe4 Rxe4 39. Rb2 Re7 40. Rb5
f5 41. Rxa5 Kf7 42. Ra8 Kf6 43. Kd4 Re2 44. Rf8+ Ke7 45. Rb8 Rd2+ 46. Kc3 Rxa2
47. Rxb7+ Kf6 48. Rd7 Rxg2 49. Rxd6+ Ke7 50. Re6+ Kd8 51. c5 f4 52. c6 f3 53. d6
Re2 54. Rxe2 fxe2 55. Kd2 g5 56. Kxe2 g4 57. Kf2 h5 58. Kg3 Ke8 59. Kh4 Kd8 60.
Kg3 1/2-1/2

[Event "Reykjavik Open 2026"]
[Site "Reykjavik ISL"]
[Date "2026.03.26"]
[Round "3.170"]
[White "Gain, Soheil"]
[Black "Aoun, Karim"]
[Result "1/2-1/2"]
[WhiteElo "1862"]
[BlackElo "1607"]
[WhiteFideId "646563"]
[BlackFideId "5314216"]
[EventDate "2026.03.25"]

1. d4 Nf6 2. Nc3 d5 3. Bf4 c5 4. e3 a6 5. dxc5 Nc6 6. a3 e5 7. Bg5 d4 8. exd4
exd4 9. Qe2+ Be6 10. Ne4 Qa5+ 11. Bd2 Qd8 12. Ng5 Qd7 13. Nxe6 fxe6 14. Nf3 Bxc5
15. Qc4 Ne4 16. Bd3 b5 17. Qb3 Nxd2 18. Nxd2 O-O 19. Ne4 Be7 20. O-O Rac8 21. a4
Na5 22. Qa2 Nc4 23. axb5 axb5 24. b3 Na3 25. b4 Nc4 26. Qb3 Qc6 27. Rfd1 Ra8 28.
f3 Ne3 29. Re1 Nd5 30. Rxa8 Rxa8 31. Nc5 Bxc5 32. bxc5 b4 33. Qc4 Rc8 34. Qxd4
Qxc5 35. Qxc5 Rxc5 36. Rxe6 Nf4 37. Rb6 Nxd3 38. cxd3 Rc1+ 39. Kf2 Rb1 40. Rb7
b3 41. d4 Rb2+ 42. Kg3 Rd2 43. Rxb3 Rxd4 44. Rb7 h5 45. Kh3 Kh7 46. g4 hxg4+ 47.
fxg4 Kh6 48. Kg3 Rd3+ 1/2-1/2

[Event "Reykjavik Open 2026"]
[Site "Reykjavik ISL"]
[Date "2026.03.26"]
[Round "3.171"]
[White "Isleifsson, Runar"]
[Black "Mahabiersing, Caspar"]
[Result "1/2-1/2"]
[WhiteElo "1860"]
[BlackElo "1595"]
[WhiteFideId "2305917"]
[BlackFideId "40119882"]
[EventDate "2026.03.25"]

1. e4 e6 2. d4 d5 3. Nc3 Nf6 4. exd5 Nxd5 5. Nxd5 exd5 6. Bf4 Bd6 7. Qe2+ Be6 8.
Bg3 a6 9. O-O-O Nc6 10. Nf3 h6 11. Qd2 Qd7 12. c4 Bb4 13. Qe3 O-O-O 14. c5 Rhe8
15. Qb3 Ba5 16. a3 Bg4 17. h3 Bxf3 18. Qxf3 Re1 19. Rxe1 Bxe1 20. Bd3 Qe7 21.
Qd1 Re8 22. Bc2 Nb8 23. Be5 Bxf2 24. Qg4+ Nd7 25. Bxg7 Kb8 26. Rf1 Be3+ 27. Kb1
Bg5 28. Bf5 Nf6 29. Bxf6 Qxf6 30. Rf3 Qe7 31. Rf1 Qe3 32. Qd1 Qg3 33. Qf3 Qxf3
34. Rxf3 Re2 35. g3 Be3 36. Bd3 Re1+ 37. Kc2 Bxd4 38. Rxf7 Bxc5 39. Rf6 Be3 40.
Rf8+ Ka7 41. Rf7 c6 42. b4 d4 43. a4 Rc1+ 44. Kb2 Rc3 45. Be4 Bd2 46. b5 axb5
47. axb5 Kb6 48. bxc6 bxc6 49. Rd7 Kc5 50. Rc7 Kd6 51. Rg7 Re3 52. Rg6+ Kc5 53.
Bxc6 Rc3 54. Be4 Kb4 55. Rb6+ Ka5 56. Rd6 Rxg3 57. Bf5 Bc3+ 58. Kc2 Rg2+ 59. Kd3
Rg3+ 60. Kc4 Bb4 61. Rxd4 Rc3+ 62. Kd5 Rc5+ 63. Ke6 Bc3 64. Rd5 Rxd5 1/2-1/2

[Event "Reykjavik Open 2026"]
[Site "Reykjavik ISL"]
[Date "2026.03.26"]
[Round "3.172"]
[White "Proudfoot, Andy"]
[Black "Blokzijl, Ruben"]
[Result "1/2-1/2"]
[WhiteElo "1580"]
[BlackElo "1851"]
[WhiteFideId "487910"]
[BlackFideId "1091964"]
[EventDate "2026.03.25"]

1. a3 d5 2. Nf3 Nf6 3. d4 e6 4. e3 Nbd7 5. Bd3 Bd6 6. Nbd2 b6 7. b4 Bb7 8. c4
dxc4 9. Nxc4 O-O 10. Bb2 Re8 11. O-O Bf8 12. Nfe5 Nxe5 13. Nxe5 h6 14. Qe2 Rc8
15. Ba6 Bxa6 16. Qxa6 Ra8 17. Rac1 Bd6 18. Rfd1 Nd7 19. Nxd7 Qxd7 20. Qc4 b5 21.
Qc6 Qxc6 22. Rxc6 a5 23. Bc3 axb4 24. Bxb4 Bxb4 25. axb4 Ra4 26. Rb1 Rea8 27.
Rxc7 Rxb4 28. Rcc1 Rxb1 29. Rxb1 b4 30. Kf1 Ra4 31. Ke2 f5 32. Rb2 Kf7 1/2-1/2

[Event "Reykjavik Open 2026"]
[Site "Reykjavik ISL"]
[Date "2026.03.26"]
[Round "3.173"]
[White "Sankrithi, Siva"]
[Black "Filippo, Gaston"]
[Result "1/2-1/2"]
[WhiteElo "1575"]
[BlackElo "1760"]
[WhiteFideId "2088231"]
[BlackFideId "1362119"]
[EventDate "2026.03.25"]

1. e4 Nf6 2. Nc3 d5 3. e5 Nfd7 4. d4 c5 5. dxc5 Nxe5 6. Qxd5 Nbd7 7. Bb5 Qc7 8.
Bf4 Nd3+ 9. cxd3 Qxf4 10. Nf3 Qc7 11. Ne5 e6 12. Bxd7+ Bxd7 13. Qxd7+ Qxd7 14.
Nxd7 Kxd7 15. d4 Kc6 16. b4 a6 17. a4 Be7 18. O-O Rhd8 19. Rad1 1/2-1/2

[Event "Reykjavik Open 2026"]
[Site "Reykjavik ISL"]
[Date "2026.03.26"]
[Round "3.174"]
[White "O Hanlon, Joe"]
[Black "Barlage, Stefan"]
[Result "1-0"]
[WhiteElo "1725"]
[BlackElo "1571"]
[WhiteFideId "2512157"]
[BlackFideId "34698558"]
[EventDate "2026.03.25"]

1. d4 d5 2. Bf4 e6 3. e3 c5 4. c3 Nc6 5. Nd2 Nf6 6. Ngf3 h6 7. Ne5 Be7 8. Bd3 a6
9. O-O Nd7 10. Qg4 Bf6 11. Ndf3 g5 12. Nxc6 bxc6 13. Be5 c4 14. Bc2 h5 15. Qg3
g4 16. Bxf6 Nxf6 17. Ne5 Bb7 18. Qf4 Ke7 19. f3 Qf8 20. fxg4 Qg7 21. g5 Ng4 22.
Qxf7+ Qxf7 23. Rxf7+ Ke8 24. Rxb7 Nxe5 25. dxe5 Kd8 26. Rf1 Ke8 27. g6 Rf8 28.
g7 1-0

[Event "Reykjavik Open 2026"]
[Site "Reykjavik ISL"]
[Date "2026.03.26"]
[Round "3.175"]
[White "Sankrithi, Vivaan Krishna"]
[Black "Gulyas Adam Ferenc"]
[Result "0-1"]
[WhiteElo "1503"]
[BlackElo "1705"]
[WhiteFideId "39949419"]
[BlackFideId "2330059"]
[EventDate "2026.03.25"]

1. c4 Nf6 2. Nc3 d5 3. e3 g6 4. d4 Bg7 5. Nf3 O-O 6. cxd5 Nxd5 7. Bc4 Nxc3 8.
bxc3 c5 9. O-O Nc6 10. Ba3 cxd4 11. exd4 Bg4 12. h3 Bf5 13. Re1 Qc7 14. Bd5 Rfe8
15. Qb3 e6 16. Bxc6 Qxc6 17. Rad1 Be4 18. c4 Rac8 19. c5 Bd5 20. Qd3 Bxa2 21.
Ne5 Qc7 22. Bb4 Bd5 23. Qe3 f6 24. Ng4 Qc6 25. f3 h5 26. Nf2 e5 27. Qa3 a6 28.
dxe5 fxe5 29. Qd3 Rcd8 30. Ne4 Bxe4 31. Qxd8 Rxd8 32. Rxd8+ Kh7 33. fxe4 Qb5 34.
Ba3 Qa5 35. Rd7 Qxe1+ 0-1

[Event "Reykjavik Open 2026"]
[Site "Reykjavik ISL"]
[Date "2026.03.26"]
[Round "3.176"]
[White "Tran, Anh Hai"]
[Black "Sigurdardottir, Sigrun Tara"]
[Result "1-0"]
[WhiteElo "1705"]
[BlackElo "1470"]
[WhiteFideId "2334259"]
[BlackFideId "2322030"]
[EventDate "2026.03.25"]

1. Nf3 d5 2. d4 Nf6 3. c4 c6 4. Nc3 Bf5 5. cxd5 cxd5 6. Bf4 a6 7. e3 e6 8. Bd3
Bg6 9. Ne5 Bxd3 10. Qxd3 Nbd7 11. Bg5 Be7 12. Nxd7 Qxd7 13. Rc1 O-O 14. O-O Rfe8
15. h3 h6 16. Bf4 Bd6 17. Bxd6 Qxd6 18. Ne2 Ne4 19. Nc3 Nf6 20. Rc2 Qd7 21. Rfc1
Rac8 22. b3 Rc6 23. Na4 Rxc2 24. Rxc2 Qd8 25. f3 Nd7 26. Qc3 b5 27. Nc5 Nxc5 28.
Qxc5 Qb8 29. Qc7 Qxc7 30. Rxc7 Ra8 31. Kf2 Kf8 32. e4 dxe4 33. fxe4 Rb8 34. Ra7
Rb6 35. Ke3 g6 36. d5 Kg7 37. Kd4 exd5 38. exd5 Rf6 39. Kc5 Kf8 40. d6 Rf2 41.
Ra8+ Kg7 42. d7 Rc2+ 43. Kb6 Rd2 44. d8=Q Rxd8 45. Rxd8 g5 46. Kxa6 Kg6 47. Kxb5
Kh5 48. a4 f5 49. a5 g4 50. hxg4+ fxg4 51. a6 Kh4 52. a7 Kg3 53. Rg8 h5 54. a8=Q
Kh4 55. Qd8+ Kg3 56. Qd3+ Kh4 57. g3+ Kh3 58. Rh8 Kg2 59. Rxh5 Kg1 60. Rh1+ Kxh1
61. Qe2 Kg1 62. Kc4 Kh1 63. Kd3 Kg1 64. Ke3 Kh1 65. b4 Kg1 66. b5 Kh1 67. b6 Kg1
68. b7 Kh1 69. b8=Q Kg1 70. Qb1# 1-0

[Event "Reykjavik Open 2026"]
[Site "Reykjavik ISL"]
[Date "2026.03.26"]
[Round "3.177"]
[White "Patel, Parisa"]
[Black "Urbaniak, Andreas"]
[Result "0-1"]
[WhiteElo "1498"]
[BlackElo "1697"]
[WhiteFideId "343410065"]
[BlackFideId "24685020"]
[EventDate "2026.03.25"]

1. e4 c5 2. Nf3 Nc6 3. Bb5 d6 4. O-O Bd7 5. c3 a6 6. Bxc6 Bxc6 7. Re1 e6 8. d4
d5 9. Ne5 dxe4 10. Nxc6 bxc6 11. Rxe4 Nf6 12. Re1 cxd4 13. Qxd4 Qxd4 14. cxd4
Bb4 15. Bd2 Nd5 16. a3 Bd6 17. Nc3 Kd7 18. Na4 Rab8 19. b4 Rhe8 20. Rac1 f6 21.
Be3 Rb5 22. Rc2 a5 23. Nc5+ Bxc5 24. Rxc5 axb4 25. Rxb5 cxb5 26. axb4 Ra8 27. h3
Nxe3 28. fxe3 Ra4 29. Rb1 Kd6 30. e4 f5 31. exf5 exf5 32. Kf2 Kd5 33. Ke3 g6 34.
g4 Ra3+ 35. Kf4 Rxh3 36. gxf5 gxf5 37. Kxf5 Kxd4 38. Kg4 Rc3 39. Kg5 Kc4 40. Kh6
Rb3 41. Rc1+ Kxb4 42. Kxh7 Ka3 43. Kg6 b4 44. Kf5 Rc3 45. Ra1+ Kb2 46. Ra4 b3
47. Ke4 Kc2 48. Kd4 b2 49. Ra2 Kb3 50. Ra6 Rc4+ 51. Kd5 b1=Q 52. Rb6+ Rb4 0-1

[Event "Reykjavik Open 2026"]
[Site "Reykjavik ISL"]
[Date "2026.03.26"]
[Round "3.178"]
[White "Jonatansson, Sigurdur Freyr"]
[Black "Schram Theodor Noel"]
[Result "1-0"]
[WhiteElo "1684"]
[BlackElo "1460"]
[WhiteFideId "2303116"]
[BlackFideId "2331209"]
[EventDate "2026.03.25"]

1. e4 e5 2. Nf3 Nc6 3. Bb5 a6 4. Ba4 Bc5 5. c3 Nf6 6. Bc2 O-O 7. O-O d5 8. exd5
Nxd5 9. d4 exd4 10. cxd4 Bd6 11. Ng5 Nf6 12. g3 h6 13. Ne4 Nxe4 14. Bxe4 Qf6 15.
Be3 Re8 16. Nc3 Bf5 17. Bxc6 bxc6 18. Qf3 Bb4 19. Rac1 Bh3 20. Qxf6 gxf6 21.
Rfd1 Bg4 22. Rd2 Bxc3 23. Rxc3 Bf3 24. Rc1 Bd5 25. Bxh6 Bxa2 26. f3 Bd5 27. Kf2
Rab8 28. Ra1 Rb3 29. Ra3 Rxa3 30. bxa3 Rb8 31. Rd3 a5 32. Bd2 a4 33. Bb4 Bc4 34.
Re3 Rd8 35. Re4 f5 36. Rf4 Re8 37. Rxf5 Re2+ 38. Kg1 Bd5 39. h4 Re3 40. Kf2 Rd3
41. Bc5 Rd2+ 42. Ke3 Rg2 43. g4 Rh2 44. Be7 Bc4 45. Bf6 Re2+ 46. Kf4 Ra2 47. Rh5
Kf8 48. Rh8# 1-0

[Event "Reykjavik Open 2026"]
[Site "Reykjavik ISL"]
[Date "2026.03.26"]
[Round "3.180"]
[White "Erlendsson Weinert, Robin Peter"]
[Black "B. Berglindardottir, Emilia Embla"]
[Result "1-0"]
[WhiteElo "1442"]
[BlackElo "1656"]
[WhiteFideId "2330954"]
[BlackFideId "2318946"]
[EventDate "2026.03.25"]

1. e4 e6 2. d4 d5 3. e5 c5 4. c3 Nc6 5. Nf3 cxd4 6. cxd4 Nge7 7. Nc3 Nf5 8. Be2
Qb6 9. Bb5 Bb4 10. Bxc6+ Qxc6 11. Qb3 Qb6 12. Be3 Bd7 13. O-O Rc8 14. Rac1 Rc4
15. Rfd1 Qa6 16. Rf1 O-O 17. a3 Be7 18. Nb1 Bb5 19. Nbd2 Rcc8 20. Rfe1 Ba4 21.
Qa2 Qd3 22. b3 Rxc1 23. Rxc1 Nxe3 24. bxa4 Bxa3 25. Rc7 Nf5 26. Qc2 Qxc2 27.
Rxc2 a6 28. Ra2 Bc1 29. Rc2 Bxd2 30. Nxd2 Nxd4 31. Rc7 Rb8 32. a5 Nc6 33. Nb3 g5
34. Kf1 Nxe5 35. Nc5 Nc4 36. Nxb7 Kg7 37. Nc5 Kf6 38. Nd7+ Kf5 39. Nxb8 Nxa5 40.
Rxf7+ Ke4 41. Nxa6 Kd3 42. Nc5+ Kc2 43. Nxe6 Nb3 44. Rxh7 Nd2+ 45. Kg1 Ne4 46.
Rg7 Kd3 47. Nxg5 d4 48. Nxe4 Kxe4 49. Rd7 d3 50. h4 Kf5 51. Rxd3 Kg6 52. g4 Kh7
53. Rd6 Kg8 54. Rd7 Kh8 55. g5 Kg8 56. g6 Kh8 57. h5 Kg8 58. h6 Kf8 59. Rf7+ Kg8
60. h7+ Kh8 61. Rf8+ 1-0